000 00419cam a2200157ua 4500
003 OSt
008 241223b |||||||| |||| 00| 0 eng d
041 _aeng
082 _a621.3133
_bSAY/PE
100 _aSay, M G .
_96567
245 _aPerformance and design of alternating current machines /
250 _a1 /
260 _aNew Delhi :
_bC B S Publishers & Distributers ,
_c1983.
300 _a664 ; .
942 _cBK
999 _c9020
_d9020